000 00549cam a22002291 4500
001 sa 64004554
003 DLC
005 20260227112026.0
008 891031s1963 ii c 000 1 hino
010 _asa 64004554
035 _a(OCoLC)20578155
040 _aDLC
_cWaU
_dDLC
042 _apremarc
050 0 0 _aPK2077
_b.A5
100 1 _aĀnanda, Rājakumāra,
_d1939-
245 1 0 _aArcanā.
260 _c[1963]
300 _a168 p.
_bports.
_c19 cm.
500 _aIn Hindi.
500 _aShort stories.
650 0 _aShort stories, Hindi.
999 _c58589
_d58589